Consumption of Slovak Domestics as the Part of Quality of Life in the Post-Crisis Period
Spotreba a kvalita života. Kvalita života z hľadiska spotreby - analýza 3 sfér peňažných výdavkov slovenských domácností (sféra nepracovného času, voľného času a oblasť prierezových výdavkov) v období 2009-2016. Úvahy o zlepšovaní kvality života slovenských domácností.
Salvato in:
| Autore principale: | |
|---|---|
| Altri autori: | |
| Natura: | Capitolo di libro |
| Lingua: | inglese |
| Soggetti: | |
| Tags: |
Nessun Tag, puoi essere il primo ad aggiungerne!!
|
MARC
| LEADER | 00000naa$a2200000$$$4500 | ||
|---|---|---|---|
| 001 | 0248576 | ||
| 005 | 20240712114946.2 | ||
| 041 | 0 | |a eng | |
| 044 | |a CZ | ||
| 245 | 1 | 0 | |a Consumption of Slovak Domestics as the Part of Quality of Life in the Post-Crisis Period |c Vieroslava Holková, Alexandra Veselková |
| 520 | |a Spotreba a kvalita života. Kvalita života z hľadiska spotreby - analýza 3 sfér peňažných výdavkov slovenských domácností (sféra nepracovného času, voľného času a oblasť prierezových výdavkov) v období 2009-2016. Úvahy o zlepšovaní kvality života slovenských domácností. | ||
| 610 | 2 | 0 | |a kvalita života |
| 610 | 2 | 0 | |a spotreba |
| 610 | 2 | 0 | |a spotreba domácností |
| 610 | 2 | 0 | |a domácnosti |
| 610 | 2 | 0 | |a správanie spotrebiteľa |
| 610 | 2 | 0 | |a výdavky |
| 610 | 2 | 0 | |a výdavky obyvateľstva |
| 610 | 2 | 0 | |a kríza |
| 610 | 2 | 0 | |a kríza finančná |
| 610 | 2 | 0 | |a kríza hospodárska |
| 610 | 2 | 0 | |a Slovensko |
| 100 | 1 | |a Holková, Vieroslava | |
| 700 | 1 | |a Veselková, Alexandra | |